30画以上の市町村 - Statistics

General Stats
  • This quiz has been taken 22 times
  • The average score is 38 of 79
Answer Stats
画数 都道府県 答え % Correct
42画 栃木県 那須塩原市
83%
41画 和歌山県 那智勝浦町
78%
39画 鹿児島県 薩摩川内市
72%
37画 大分県 豊後高田市
72%
34画 山口県 山陽小野田市
72%
33画 香川県 観音寺市
72%
32画 栃木県 那須烏山市
72%
41画 沖縄県 渡嘉敷村
61%
39画 北海道 南富良野町
61%
39画 神奈川県 横須賀市
61%
38画 山梨県 富士河口湖町
61%
37画 東京都 御蔵島村
61%
36画 大分県 豊後大野市
61%
35画 岩手県 陸前高田市
61%
34画 北海道 中富良野町
61%
34画 兵庫県 新温泉町
61%
33画 東京都 武蔵村山市
61%
33画 長野県 安曇野市
61%
32画 島根県 隠岐の島町
61%
31画 福島県 会津若松市
61%
31画 沖縄県 宜野湾市
61%
34画 東京都 武蔵野市
56%
33画 北海道 上富良野町
56%
32画 青森県 鰺ヶ沢町
56%
32画 兵庫県 丹波篠山市
56%
31画 福島県 会津美里町
56%
31画 茨城県 常陸太田市
56%
31画 岐阜県 飛騨市
56%
31画 京都府 与謝野町
56%
31画 鹿児島県 いちき串木野市
56%
30画 茨城県 龍ケ崎市
56%
30画 滋賀県 近江八幡市
56%
39画 長野県 野沢温泉村
50%
38画 岐阜県 美濃加茂市
50%
37画 静岡県 御殿場市
50%
36画 京都府 舞鶴市
50%
35画 茨城県 常陸大宮市
50%
35画 新潟県 聖籠町
50%
33画 東京都 奥多摩町
50%
33画 神奈川県 相模原市
50%
33画 鳥取県 湯梨浜町
50%
32画 新潟県 粟島浦村
50%
31画 石川県 宝達志水町
50%
31画 大阪府 河内長野市
50%
35画 福岡県 筑紫野市
44%
34画 宮城県 塩竈市
44%
31画 神奈川県 真鶴町
44%
30画 群馬県 伊勢崎市
44%
30画 神奈川県 湯河原町
44%
30画 福井県 南越前町
44%
30画 三重県 尾鷲市
44%
38画 長野県 南箕輪村
39%
36画 熊本県 南阿蘇村
39%
34画 北海道 洞爺湖町
39%
34画 埼玉県 鶴ヶ島市
39%
34画 広島県 神石高原町
39%
33画 神奈川県 綾瀬市
39%
32画 静岡県 御前崎市
39%
31画 千葉県 南房総市
39%
31画 愛媛県 新居浜市
39%
30画 北海道 富良野市
39%
30画 長崎県 新上五島町
39%
30画 沖縄県 渡名喜村
39%
39画 北海道 新篠津村
33%
33画 秋田県 東成瀬村
33%
32画 福島県 檜枝岐村
33%
31画 北海道 蘭越町
33%
31画 新潟県 阿賀野市
33%
31画 兵庫県 播磨町
33%
30画 東京都 清瀬市
33%
33画 北海道 西興部村
28%
31画 青森県 風間浦村
28%
30画 北海道 浜頓別町
28%
30画 沖縄県 座間味村
28%
34画 埼玉県 横瀬町
22%
30画 北海道 東神楽町
22%
30画 岡山県 鏡野町
22%
34画 北海道 鷹栖町
17%
30画 沖縄県 八重瀬町
17%
No matching quizzes found
Score Distribution
Percent of People with Each Score
Percentile by Number Answered
Your Score History
You have not taken this quiz